Nâng cao hiệu quả hoạt động kinh doanh của ngân hàng thương mại cổ phần Hàng Hải Việt Nam chi nhánh Cần Thơ : Luận văn thạc sĩ kinh tế: Chuyên ngành: Tài chính - Ngân Hàng
Đề tài "Nâng cao hiệu quả hoạt động kinh doanh của ngân hàng TMCP Hàng Hải Việt Nam chi nhành cần Thơ: sử dụng phương pháp phân tích CAMEL để đánh giá hiệu quả hoạt động của ngân hàng thương mại.
Sparad:
| Huvudupphovsman: | |
|---|---|
| Materialtyp: | Bok |
| Språk: | Undetermined |
| Publicerad: |
Cần Thơ
Đại học Cần Thơ
2013
|
| Ämnen: | |
| Taggar: |
Lägg till en tagg
Inga taggar, Lägg till första taggen!
|
| Thư viện lưu trữ: | Trung tâm Học liệu Trường Đại học Cần Thơ |
|---|
| LEADER | 01204nam a2200217Ia 4500 | ||
|---|---|---|---|
| 001 | CTU_183282 | ||
| 008 | 210402s9999 xx 000 0 und d | ||
| 082 | |a 332.12 | ||
| 082 | |b Ch300 | ||
| 088 | |a 60340201 | ||
| 100 | |a Lê, Thị Diễm Chi | ||
| 245 | 0 | |a Nâng cao hiệu quả hoạt động kinh doanh của ngân hàng thương mại cổ phần Hàng Hải Việt Nam chi nhánh Cần Thơ : | |
| 245 | 0 | |b Luận văn thạc sĩ kinh tế: Chuyên ngành: Tài chính - Ngân Hàng | |
| 245 | 0 | |c Lê Thị Diễm Chi ; Trần Hoàng Ngân (Hướng dẫn khoa học) | |
| 260 | |a Cần Thơ | ||
| 260 | |b Đại học Cần Thơ | ||
| 260 | |c 2013 | ||
| 520 | |a Đề tài "Nâng cao hiệu quả hoạt động kinh doanh của ngân hàng TMCP Hàng Hải Việt Nam chi nhành cần Thơ: sử dụng phương pháp phân tích CAMEL để đánh giá hiệu quả hoạt động của ngân hàng thương mại. | ||
| 650 | |a Ngân hàng và hoạt động ngân hàng,Banks and banking | ||
| 904 | |i Trần Thị Nhơn Ái | ||
| 980 | |a Trung tâm Học liệu Trường Đại học Cần Thơ | ||